Raíces etnico-culturales y divisiones territoriales de nuestra isla (Record no. 7539)

MARC details
000 -LEADER
campo de control de longitud fija 00399nam a2200145Ia 4500
001 - NÚMERO DE CONTROL
campo de control 3382
008 - DATOS DE LONGITUD FIJA--INFORMACIÓN GENERAL
campo de control de longitud fija 241024s9999 xx 000 0 und d
020 ## - NÚMERO INTERNACIONAL ESTÁNDAR DEL LIBRO
Número Internacional Estándar del Libro 978-9945-16-253-0
082 ## - NÚMERO DE LA CLASIFICACIÓN DECIMAL DEWEY
Número de clasificación RD/972.97293/R763r
100 ## - ENTRADA PRINCIPAL--NOMBRE DE PERSONA
Nombre de persona Santo Romero
245 #0 - MENCIÓN DEL TÍTULO
Título Raíces etnico-culturales y divisiones territoriales de nuestra isla
260 ## - PUBLICACIÓN, DISTRIBUCIÓN, ETC.
Nombre del editor, distribuidor, etc. Ed. Búho
Fecha de publicación, distribución, etc. 2008
901 ## - ELEMENTOS DE DATOS A LOCAL LDA (RLIN)
a 11/10/2013 2:48:08 p.m.

No items available.

© 2024. Todos los Derechos Reservados. Desarrollado por IDEICE